Enrique IV
Saved in:
| Main Author: | |
|---|---|
| Format: | Book |
| Language: | Spanish |
| Published: |
Buenos Aires
Orientación Cultural Editores
1952
|
| Series: | La cultura argentina. Colección: El Teatro, 1
|
| Subjects: | |
| Tags: |
Add Tag
No Tags, Be the first to tag this record!
|
MARC
| LEADER | 00000nam a2200000 a 4500 | ||
|---|---|---|---|
| 001 | UCV7905 | ||
| 003 | CL-VaPUC | ||
| 008 | 900301e19520000AG |||||||||||||||||spa|d | ||
| 082 | 0 | 4 | |a 822 |b SHA |2 21 |
| 100 | |a Shakespeare, William |e author |9 265757 | ||
| 245 | 1 | 0 | |a Enrique IV |
| 300 | |a 239 p | ||
| 942 | |c BK | ||
| 945 | |d 19900301 00:00:00 | ||
| 260 | |a Buenos Aires |b Orientación Cultural Editores |c 1952 | ||
| 650 | 0 | |a Teatro inglés |9 265744 | |
| 583 | |a last modification |c 19900301 00:00:00 |k Rodrigo Vera | ||
| 490 | 0 | |a La cultura argentina. Colección: El Teatro, 1 | |
| 999 | |c 213512 |d 213510 | ||
| 952 | |0 0 |1 0 |2 ddc |4 0 |6 822_000000000000000_SHA_1952 |7 0 |8 P |9 195966 |a BIBARQ |b BIBARQ |d 2019-11-14 |i 2639335 |o 822 SHA 1952 |p 2639335 |r 2025-01-20 |w 2019-11-14 |y BK |k ARQ | ||